Guillermo del Toro Filmography - Statistics

General Stats
  • This quiz has been taken 84 times
    29 since last reset
  • The average score is 59 of 134
Answer Stats
Type Year Name % Correct
Film Director 2025 Frankenstein
90%
Film Production 2025 Frankenstein
90%
Film Screenplay 2025 Frankenstein
90%
Film Story 2025 Frankenstein
90%
Film Director 2006 Pan's Labyrinth
90%
Film Screenplay 2006 Pan's Labyrinth
90%
Film Production 2006 Pan's Labyrinth
90%
Film Production 2022 Pinocchio
90%
Film Screenplay 2022 Pinocchio
90%
Film Director 2022 Pinocchio
90%
Film Director 2017 The Shape of Water
90%
Film Screenplay 2017 The Shape of Water
90%
Film Story 2017 The Shape of Water
90%
Film Production 2017 The Shape of Water
90%
Film Director 2004 Hellboy
85%
Film Screenplay 2004 Hellboy
85%
Film Story 2004 Hellboy
85%
Film Cameo 2004 Hellboy
85%
Film Director 2008 Hellboy II: The Golden Army
85%
Film Screenplay 2008 Hellboy II: The Golden Army
85%
Film Story 2008 Hellboy II: The Golden Army
85%
Film Cameo 2008 Hellboy II: The Golden Army
85%
Film Director 2015 Crimson Peak
75%
Film Screenplay 2015 Crimson Peak
75%
Film Production 2015 Crimson Peak
75%
Film Director 1997 Mimic
75%
Film Screenplay 1997 Mimic
75%
Film Story 1997 Mimic
75%
Film Director 2021 Nightmare Alley
75%
Film Screenplay 2021 Nightmare Alley
75%
Film Production 2021 Nightmare Alley
75%
Film Director 2013 Pacific Rim
75%
Film Screenplay 2013 Pacific Rim
75%
Film Production 2013 Pacific Rim
75%
Film Director 2001 The Devil's Backbone
75%
Film Screenplay 2001 The Devil's Backbone
75%
Film Director 2002 Blade II
70%
Film Director 1993 Cronos
65%
Film Screenplay 1993 Cronos
65%
Film Cameo 1993 Cronos
65%
Film Screenplay 2019 Scary Stories to Tell in the Dark
60%
Film Production 2019 Scary Stories to Tell in the Dark
60%
Film Production 2018 Pacific Rim Uprising
55%
TV Show Acting Role 2023 Barry
45%
Video Game 2019 Death Stranding
45%
Film Production 2011 Puss in Boots
45%
Film Cameo 2011 Puss in Boots
45%
Film Screenplay 2012 The Hobbit: An Unexpected Journey
45%
TV Show Director 2013 The Simpsons
45%
TV Show Acting Role 2019 The Simpsons
45%
Web Series Writer 2022 Cabinet of Curiosities
40%
Web Series Production 2022 Cabinet of Curiosities
40%
Film Production 2014 The Book of Life
40%
Film Production 2014 The Book of Life
40%
Film Screenplay 2014 The Hobbit: The Battle of the Five Armies
40%
Film Screenplay 2013 The Hobbit: The Desolation of Smaug
40%
TV Show Acting Role 2012, 2016 It's Always Sunny in Philadelphia
35%
Film Production 2013 Mama
35%
Film Production 2012 Rise of the Guardians
35%
Film Production 2001 The Devil's Backbone
35%
Film Screenplay 2020 The Witches
35%
Film Production 2020 The Witches
35%
Web Series Director 2016-2018 Trollhunters: Tales of Arcadia
35%
Web Series Writer 2016-2018 Trollhunters: Tales of Arcadia
35%
Web Series Production 2016-2018 Trollhunters: Tales of Arcadia
35%
Web Series Acting Role 2016-2018 Trollhunters: Tales of Arcadia
35%
Web Mini-Series Writer 2020 Wizards
35%
Web Mini-Series Production 2020 Wizards
35%
Web Series Production 2018-2019 3 Below: Tales from Arcadia
30%
Web Series Director 2018-2019 3 Below: Tales of Arcadia
30%
Web Series Writer 2018-2019 3 Below: Tales of Arcadia
30%
Film Screenplay 2010 Don't Be Afraid of the Dark
30%
Film Production 2010 Don't Be Afraid of the Dark
30%
Film Cameo 2010 Don't Be Afraid of the Dark
30%
Short Film Director 1987 Geometria
30%
Short Film Screenplay 1987 Geometria
30%
Short Film Production 1987 Geometria
30%
Film Consultant 2010 Megamind
30%
Film Cameo 2008 Quantum of Solace
30%
Film Production 2007 The Orphanage
30%
Film Production 2021 Antlers
25%
Film Cameo 2000 Bullfighter
25%
Film Production 2004 Crónicas
25%
Film Cameo 2007 Diary of the Dead
25%
Film Production 1985 Doña Herlinda and Her Son
25%
Short Film Director 1985 Doña Lupe
25%
Short Film Screenplay 1985 Doña Lupe
25%
Short Film Production 1985 Doña Lupe
25%
Film Cameo 2012 El Santos vs. La Tetona Mendoza
25%
Film Cameo 2013 Extraordinary Tales
25%
Film Director TBA Fantastic Voyage
25%
Film Production TBA Fantastic Voyage
25%
Video Game 2008 Hellboy: The Science of Evil
25%
Film Production 2008 Insignificant Things
25%
Film Production 2010 Julia's Eyes
25%
Film Production 2016 Kung Fu Panda 3
25%
TV Show Director 1986-1989 La Hora Marcada
25%
TV Show Writer 1986-1989 La Hora Marcada
25%
TV Show Acting Role 2018 Mickey and the Roadster Racers
25%
Film Production 2009 Rage
25%
Film Production 2008 Rudo y Cursi
25%
Film Production 2009 Splice
25%
Short Film Production 2012 The Captured Bird
25%
TV Show Director 2014-2017 The Strain
25%
TV Show Production 2014-2017 The Strain
25%
TV Show Writer 2014-2017 The Strain
25%
Video Game 2020 Trollhunters: Defenders of Arcadia
25%
Film Production 1998 Un Embrujo
25%
Film Production 2008 While She Was Out
25%
Film Production 2011 Kung Fu Panda 2
20%
Film Director TBA The Buried Giant
20%
Film Production TBA The Buried Giant
20%
Film Screenplay TBA The Buried Giant
20%
Film Screenplay 2021 Trollhunters: Rise of the Titans
20%
Film Production 2021 Trollhunters: Rise of the Titans
20%
Film Makeup Artist 1995 Algunas Nubes
15%
Film Makeup Artist 1991 Bandits
15%
Film Production 2010 Biutiful
15%
Film Makeup Artist 1991 Cabeza de Vaca
15%
Film Consultant 2011 Cowboys & Aliens
15%
Film Makeup Artist 1993 Dollar Mambo
15%
Film Consultant 2014 Edge of Tomorrow
15%
Film Makeup Artist 1989 Goitia, un Dios Para Sí Mismo
15%
Short Film Production 2007 Hellboy Animated: Iron Shoes
15%
TV Film Production 2007 Hellboy: Blood and Iron
15%
TV Film Production 2006 Hellboy: Sword of Storms
15%
Film Makeup Artist 1989 Love Lies
15%
Film Makeup Artist 1992 Mi Querido Tom Mix
15%
Film Makeup Artist 1990 Morir en el Golfo
15%
Film Storyboard Artist 1990 Morir en el Golfo
15%
Assistant Film Director 1987 Obdulia
15%
Film Production TBA Scary Stories to Tell in the Dark 2
15%
Film Story TBA Scary Stories to Tell in the Dark 2
15%
Film Production 2002 I Murder Seriously
0%
No matching quizzes found
Score Distribution
Percent of People with Each Score
Percentile by Number Answered
Your Score History
You have not taken this quiz since the last reset